000
00209 a2200109 4500
020
_a
9780545415330
041
_a
eng
100
_a
Lauren Thompson
245
_a
Mouse loves school
942
_c
BK
952
_7
4
999
_c
22238
_d
22238